Luyện siêu trí nhớ từ vựng tiếng Anh

Na minha lista:
Detalhes bibliográficos
Autor principal: Nguyễn, Anh Đức (Chủ biên)
Outros Autores: Williams, Ben, Nguyễn, Anh Tuấn
Formato: Livro
Idioma:Vietnamese
Publicado em: Hà Nội Đại học quốc gia Hà Nội 2018
Assuntos:
Tags: Adicionar Tag
Sem tags, seja o primeiro a adicionar uma tag!
Thư viện lưu trữ: Trung tâm Học liệu Lê Vũ Hùng, Trường Đại học Đồng Tháp
LEADER 00920nam a22002658a 4500
001 00042934
005 20181107141147.0
008 181029s2018####-vm#################vie|d
020 # # |c 188000  |a 978 604 961 824 6 
041 0 # |a Vie - eng 
082 1 4 |a 428  |b L527S 
100 1 # |a Nguyễn, Anh Đức  |e Chủ biên 
245 1 0 |a Luyện siêu trí nhớ từ vựng tiếng Anh  |c Nguyễn Anh Đức (chủ biên); Nguyễn Anh Tuấn; Ben Williams 
260 # # |a Hà Nội  |b Đại học quốc gia Hà Nội  |c 2018 
300 # # |a 333 tr.  |c 27 cm. 
653 # # |a Ngôn ngữ 
653 # # |a Tự học 
653 # # |a Từ vựng 
653 # # |a Tiếng Anh 
700 1 # |a Williams, Ben 
700 1 # |a Nguyễn, Anh Tuấn 
852 # # |j KM.0025604  |j KD.0024846 
910 # # |d 29/10/2018 
980 # # |a Trung tâm Học liệu Lê Vũ Hùng, Trường Đại học Đồng Tháp